Statistics for All Goalies of Arizona Coyotes

Click here to take the quiz!

General Stats

  • This quiz has been taken 5 times
  • The average score is 16 of 50

Answer Stats

YearsNationalityAnswerGP% Correct
1999-2000CANBob Essensa30
100%
2011-2017CANMike Smith312
100%
1996-1999RUSNikolai Khabibulin205
100%
2017-2021FINAntti Raanta104
75%
2005-2007CANCurtis Joseph115
75%
2007-2011RUSIlya Bryzgalov257
75%
2006-2009SWEMikael Tellqvist67
75%
1998-2001USARobert Esche58
75%
1999-2004CANSean Burke211
75%
2013-2014GERThomas Greiss25
75%
2017-2021CANAdin Hill49
50%
2015-2016SWEAnders Lindbäck19
50%
2002-2006USABrian Boucher96
50%
2017-2021CANDarcy Kuemper121
50%
2014-2015CANDevan Dubnyk19
50%
2009-2013CANJason LaBarbera68
50%
2021-presentCZEJosef Kořenář2
50%
2021-presentCZEKarel Vejmelka46
50%
2002-2004CANZac Bierk20
50%
2003-2004USABrent Johnson8
25%
2021-presentCANCarter Hutton3
25%
2012-2013CANChad Johnson4
25%
1996-1997CANDarcy Wakaluk16
25%
2007-2008SUIDavid Aebischer1
25%
2021-presentFINHarri Säteri2
25%
2020-presentRUSIvan Prosvetov6
25%
1997-1999CANJimmy Waite33
25%
2014-2018CANLouis Domingue84
25%
2016-2018CZEMarek Langhamer2
25%
1998-2000RUSMikhail Shtalenkov19
25%
1996-1997USAPat Jablonski2
25%
2017-2018CANScott Wedgewood20
25%
2021-2022CANScott Wedgewood26
25%
2007-2008CANAlex Auld9
0%
2008-2009CANAl Montoya5
0%
2018-2019CANCalvin Pickard6
0%
2005-2007CANDavid LaNeveu21
0%
2018-2019USAHunter Miska1
0%
2002-2004USAJean-Marc Pelletier6
0%
2008-2009CANJosh Tordjman2
0%
2016-2017CANJustin Peters3
0%
2013-2014CANMark Visentin1
0%
2010-2011CANMatt Climie1
0%
2014-2015USAMike McKenna1
0%
2006-2007USAMike Morrison4
0%
2015-2016GERNiklas Treutle2
0%
1996-1997USAParris Duffus1
0%
2001-2003CAN Patrick DesRochers9
0%
2005-2006USAPhilippe Sauvé5
0%
1997-1999CANScott Langkow4
0%

Score Distribution

Percentile by Number Answered

Percent of People with Each Score

Your Score History

You have not taken this quiz